Introduction to electromagnetic fields (Record no. 47718)

MARC details
000 -LEADER
fixed length control field 00744nam a2200205 a 4500
008 - FIXED-LENGTH DATA ELEMENTS--GENERAL INFORMATION
fixed length control field 120416s1982 ||||||||||||||||| || u
020 ## - INTERNATIONAL STANDARD BOOK NUMBER
International Standard Book Number 0070458847
050 ## - LIBRARY OF CONGRESS CALL NUMBER
Classification number QC 665.E4 Pau
100 ## - MAIN ENTRY--PERSONAL NAME
Personal name Paul, Clayton R
245 10 - TITLE STATEMENT
Title Introduction to electromagnetic fields
260 ## - PUBLICATION, DISTRIBUTION, ETC.
Place of publication, distribution, etc. New York
Name of publisher, distributor, etc. McGraw-Hill
Date of publication, distribution, etc. 1982
300 ## - PHYSICAL DESCRIPTION
Extent xii, 567p. : ill.
350 ## - PRICE (NR) (BK AM CF MU VM SE) [OBSOLETE]
Price 0.00
490 ## - SERIES STATEMENT
Series statement McGraw-Hill series in electrical engineering. Electromagnetics
500 ## - GENERAL NOTE
General note Includes bibliographical references and index.
650 ## - SUBJECT ADDED ENTRY--TOPICAL TERM
Topical term or geographic name entry element ELECTRICITY
650 ## - SUBJECT ADDED ENTRY--TOPICAL TERM
Topical term or geographic name entry element ELECTROMAGNETIC FIELDS
700 ## - ADDED ENTRY--PERSONAL NAME
Personal name Nasar, S. A
995 ## - RECOMMENDATION 995 [LOCAL, UNIMARC FRANCE]
-- 0.00
-- CBU-MAIN LIBRARY (Kitwe)
-- 1
-- 42.50
-- 1
-- DAMAGED
-- Main Library Open Access Collection
Holdings
Withdrawn status Lost status Source of classification or shelving scheme Damaged status Not for loan Home library Current library Shelving location Date acquired Total Checkouts Full call number Barcode Date last seen Price effective from Koha item type
          CBU-MAIN LIBRARY, KITWE. CBU-MAIN LIBRARY, KITWE.   11/30/2022   QC 665.E4 Pau 012060 11/30/2022 11/30/2022 MONOGRAPH